000 01426nam a2200289u 4500
005 00000000000000.0
008 810522s1962 nyua j 000 0 eng
010 _aB-345557-559
020 _a9780746062272
_c65.00
035 _aB-345557-559
037 _bTarun Books
040 _adpl
_bEnglish
082 _aS
100 _aDolby, Karen
245 _aThe house of shadows /
_cby Karen Dolby; adapted by Katie Daynes; illustrated by Adrienne Kern
260 _aLondon
_bUsborne Publishing
_c2004
270 _aUsborne House, 83-85 Saffron Hill,
_bLondon
300 _a64p.
_bill.
_c20cm (pbk)
490 _aUsborne young reading; edited by Lesley Sims
_vseries two
700 _aDaynes, Katie
700 _aKern, Adrienne
942 _2ddc
_cCH
_hS
_mDOL
999 _c21658
_d21658